000 01387nam a2200277 a 4500
001
003 DO-SdBNP
005 20210806095317.0
008 110405s1978 dr 000 0 spa d
040 _aBPMSU
_bspa
_cBPMSU
049 _a
082 _a972.9302
_bR896f 1978
_222
100 1 _aRubio, Vicente
_cFray
245 1 0 _aDatos para la historia de los orígenes de la ciudad de Santo Domingo :
_b(Proceso Corvera Roldán y Pasamonte-Roldán ) /
_cFray Vicente Rubio.
260 _aSanto Domingo :
_bEditora Fudación García- Arévalo,
_c1978.
300 _a94 p. ;
_c22 cm.
490 0 _aMonográfica,
_v7
500 _aIncluye referencias bibliográficas y notas al pie de las páginas
505 0 _aNota legalizada de un inmueble vendido a Alonso Pérez Roldán en la Almoneda de Cristóbal de Santa Clara --Proceso Corvera-Roldán -- Interrogatorio en Santo Domingo del proceso Pasamonte - Roldán -- Carta de receptoría del alcalde mayor de Santo Domingo autorizando al procurador del bachiller Juan Roldán, un examen de testigos en los reinos de Castilla -- Interrogatorio de Sevilla --Interrogatorio de Moguer
590 _6Inventariado, 2021/VM
650 _a
651 4 _aSanto Domingo (República Dominicana )
_xHistoria
_ySiglo XVI
651 4 _aSanto Domingo (República Dominicana)
_xVida social y costumbres
_ySiglo XVI
910 _aVMateo V.
942 _2ddc
_cBK
999 _c13632
_d13632